LEADER 01892nam 2200457 450 001 000014786 005 20050718115500.0 010 $a1-85312-805-8 100 $a20030707d2000----km-y0itay0103----ba 101 0 $aeng 102 $aGB 200 1 $aEarth construction handbook$ethe building material earth in modern architecture$fGernot Minke 210 $aSouthampton ; Boston$cWit Press$dc2000 215 $a206 p.$cill.$d29 cm. 225 2 $aInternational series on advances in architecture 410 0$12001$aInternational series on advances in architecture 606 $aCostruzioni in terra 606 $aMateriali da costruzione$xTerre crude 606 $aProgettazione architettonica e ambiente 676 $a693.2$v(21. ed.)$9Costruzione in specifici tipi di materiale e per specifici scopi. Materiali di terra stabilizzata 676 $a720.47$v(21. ed.)$9Architettura e ambiente 700 1$aMinke,$bGernot$011453 801 0$aIT$bUniversità della Basilicata - B.I.A.$gRICA$2unimarc 912 $a000014786 996 $aEarth construction handbook$980274 997 $aUNIBAS BAS $aMONING BAS $aINGEGNERIA CAT $aSTD025$b01$c20030707$lBAS01$h0902 CAT $aTROMBONE$b01$c20030709$lBAS01$h1159 CAT $aTORRE$b20$c20030716$lBAS01$h1015 CAT $aTORRE$b20$c20030716$lBAS01$h1729 CAT $aTORRE$b20$c20030717$lBAS01$h0923 CAT $c20050601$lBAS01$h1755 CAT $abatch$b01$c20050718$lBAS01$h1052 CAT $c20050718$lBAS01$h1111 CAT $c20050718$lBAS01$h1141 CAT $c20050718$lBAS01$h1155 FMT Z30 -1$lBAS01$LBAS01$mBOOK$1BASA2$APolo Tecnico-Scientifico$2DID$BDidattica$3PTS.s1.p46.26$6100213$5T100213$820030716$f04$FPrestabile Didattica Z30 -1$lBAS01$LBAS01$mBOOK$1BASA4$APolo di Matera$2DID$BDidattica$3MVL-I-R-64$6101203$5T101203$820031124$f04$FPrestabile Didattica LEADER 01483nam 2200397Ia 450 001 996384692403316 005 20221107225517.0 035 $a(CKB)4940000000073141 035 $a(EEBO)2240892670 035 $a(OCoLC)11342616 035 $a(EXLCZ)994940000000073141 100 $a19841102d1684 uy | 101 0 $aeng 135 $aurbn||||a|bb| 200 14$aThe history of the Eucharist$b[electronic resource] $edivided into three parts : the first treating of the form of celebration : the second of the doctrine : the third of worship in the sacrament /$fwritten originally in French by monsieur L'Arroque ... done into English by J.W 210 $aLondon $cPrinted for George Downes ...$dMDCLXXXIV [1684] 215 $a[45], 8, 588, [8] p 300 $aTranslation of author's Histoire de l'Eucharistie. 300 $aTranslator's dedication signed: Jos. Walker. 300 $aIncludes index. 300 $aReproduction of original in the University of Illinois (Urbana-Champaign Campus). Library. 330 $aeebo-0167 606 $aLord's Supper$xHistory of doctrines 615 0$aLord's Supper$xHistory of doctrines. 700 $aLarroque$b Matthieu de$f1619-1684.$01011723 701 $aWalker$b Joseph$0845961 801 0$bEAK 801 1$bEAK 801 2$bUMI 801 2$bm/c 801 2$bUMI 801 2$bWaOLN 906 $aBOOK 912 $a996384692403316 996 $aThe history of the Eucharist$92394964 997 $aUNISA